| 000 | 01487nam a22004095a 4500 | ||
|---|---|---|---|
| 003 | EG-ScBUE | ||
| 005 | 20221128101358.0 | ||
| 006 | a||||fq||z f00| 0 | ||
| 008 | 151019s2016 enka f b 000 0 eng d | ||
| 020 | _a9780194768191 (Book) | ||
| 020 | _a9780194739412 (Pack) | ||
| 020 | _a9780194739313 (DVD) | ||
| 020 | _a9780194768184 | ||
| 040 |
_aEG-ScBUE _beng _erda _cEG-ScBUE _dEG-ScBUE |
||
| 082 | 0 | 4 |
_a428.24076 _bBUS _222 |
| 245 | 0 | 0 |
_aBusiness result : _badvanced, _pStudent's book / _cKate Baade [and three others] ; with additional material by Gareth Davies [and three others]. |
| 250 | _aReprinted edition. | ||
| 264 | 1 |
_aOxford : _bOxford University Press, _c2016. |
|
| 300 |
_a167 pages : _billustrations ; _c28 cm + _e1 DVD |
||
| 336 |
_2rdacontent _atext _btxt |
||
| 336 |
_2rdacontent _aspoken word _bspw |
||
| 337 |
_2rdamedia _aunmediated _bn |
||
| 337 |
_2rdamedia _avideo _bv |
||
| 338 |
_2rdacarrier _avolume _bnc |
||
| 338 |
_2rdacarrier _acomputer disc _bcd |
||
| 500 | _aLearn online with Oxford. | ||
| 504 | _aIncludes bibliographical references. | ||
| 650 | 7 |
_aEnglish language _xBusiness English. _vProblems, exercises, etc. _2BUEsh |
|
| 650 | 7 |
_aEnglish language _xBusiness English _xStudy and teaching. _2BUEsh _935930 |
|
| 651 | _2BUEsh | ||
| 653 |
_cDecember2015 _bHHUUEENN |
||
| 655 |
_vReading book _934232 |
||
| 700 | 1 |
_aBaade, Kate, _eauthor. |
|
| 700 | 1 |
_aDavies, Gareth, _eeditor. |
|
| 856 | 4 | 1 | _uhttp://www.oxfordlearn.com |
| 942 |
_2ddc _cBB |
||
| 999 |
_c21103 _d21075 |
||